000
00315nam a2200121Ia 4500
008
191201s2001 xx 000 0 und d
100
_a
CHHIBBA,Neeraj
245
0
_a
Zero Percentile - 2.0 Missed Iit Kissed Gurgaon
260
_a
N. Delhi
_b
Rupa Pub
_c
2001
300
_a
NULL
650
_a
General Books
942
_2
ddc
_c
BK
999
_c
476
_d
476